Loading...
Malayalam Poetry today /
| Format: | Printed Book |
|---|---|
| Language: | English |
| Published: |
Thrissur:
Kerala Sahitya Akademi,
1984.
|
| Subjects: |
| LEADER | 00557cam a2200181ua 4500 | ||
|---|---|---|---|
| 008 | 060815t1984||||||||||| 00 ||eng c | ||
| 041 | 0 | |a eng | |
| 082 | |a 894.812 17 |b MAL | ||
| 245 | 0 | 0 | |a Malayalam Poetry today / |
| 260 | |a Thrissur: |b Kerala Sahitya Akademi, |c 1984. | ||
| 300 | |a 194p.. | ||
| 362 | 1 | |a 1984. | |
| 365 | |a Rs.35/- |e pb. | ||
| 650 | |a Malayalam Literature | ||
| 650 | 0 | |a Malayalam Poetry | |
| 942 | |c BK | ||
| 999 | |c 7882 |d 7882 | ||
| 952 | |0 0 |1 0 |4 0 |6 894_812000000000000_17_MA |7 0 |9 8239 |a KUCL |b KUCL |d 2014-05-23 |l 0 |o 894.812 17 MA |p 01138 |r 2014-05-23 |w 2014-05-23 |y BK | ||